| Tag |
First Indicator |
Second Indicator |
Subfields |
| LEADER |
00000cam a2200000Ii 4500 |
| 001 |
in00004003513 |
| 005 |
20180911110015.0 |
| 008 |
881201s1711 enk 000 0 eng d |
| 035 |
|
|
|a (OCoLC)ocm18824568
|
| 040 |
|
|
|a NDD
|b eng
|e bdrb
|c NDD
|d OCLCG
|d OCLCQ
|d OCLCA
|d OCLCQ
|d OCLCF
|d TXA
|
| 035 |
|
|
|a (OCoLC)18824568
|
| 043 |
|
|
|a e-uk-en
|
| 050 |
|
4 |
|a DA497.S3
|b W58 1711
|
| 049 |
|
|
|a TXAM
|
| 100 |
1 |
|
|a Withers, W.,
|d active 1711.
|
| 245 |
1 |
2 |
|a A general apology for the lies made use of against Dr. Sacheverell :
|b occasion'd by the pretended answer to Mr. Bisset : with a large introduction, shewing the reasonableness and necessity of such a work /
|c by W. Withers.
|
| 264 |
|
1 |
|a London :
|b [publisher not identified],
|c Printed in the year 1711.
|
| 300 |
|
|
|a 24 pages ;
|c 19 cm (octavo)
|
| 336 |
|
|
|a text
|b txt
|2 rdacontent
|
| 337 |
|
|
|a unmediated
|b n
|2 rdamedia
|
| 338 |
|
|
|a volume
|b nc
|2 rdacarrier
|
| 500 |
|
|
|a Signatures: A-C⁴.
|
| 500 |
|
|
|a Title within double rule.
|
| 500 |
|
|
|a The Cushing Library/Rare Books copy was acquired as part of the Lois Goddard Morrison Collection of Eighteenth Century Literature.
|5 TXA
|
| 510 |
4 |
|
|a English short title catalogue,
|c T40545
|
| 600 |
1 |
0 |
|a Sacheverell, Henry,
|d 1674?-1724.
|
| 600 |
1 |
0 |
|a Bisset, William,
|d 1669?-1747.
|t Modern fanatick.
|
| 600 |
1 |
7 |
|a Sacheverell, Henry,
|d 1674?-1724.
|2 fast
|0 (OCoLC)fst00141732
|
| 700 |
1 |
|
|a Bisset, William,
|d 1669?-1747.
|
| 752 |
|
|
|a England
|d London.
|
| 948 |
|
|
|a cataloged
|b h
|c 2018/9/11
|d enhance
|e fpiscitelli
|f 11:00:12 am
|
| 994 |
|
|
|a C0
|b TXA
|
| 999 |
f |
f |
|s 5a025f9e-b38d-394a-93e2-5ec03741bfe8
|i fa69a71b-15e3-3066-b9e4-fae0066d48c6
|t 0
|
| 952 |
f |
f |
|p noncirc
|a Texas A&M University
|b College Station
|c Cushing Memorial Library & Archives
|s cush rare
|d Cushing: Rare Books (Does not check out)
|t 0
|e DA497.S3 W58 1711
|h Library of Congress classification
|i unmediated -- volume
|m A14852685164
|
| 998 |
f |
f |
|a DA497.S3 W58 1711
|t 0
|l Cushing: Rare Books (Does not check out)
|